| 000 | 00534nam a22001817a 4500 | ||
|---|---|---|---|
| 005 | 20251108164034.0 | ||
| 008 | 250721s1998 xx 000 0 ara d | ||
| 082 | 1 | 4 | _a216,531/وان |
| 100 | 1 | _aوانلي، خير الدين | |
| 245 | 1 | 0 |
_aالرجل : _bحقوقه و واجباته في القرآن و السنة / |
| 264 | 1 |
_aدمشق : _bدار السقا، _c1998. |
|
| 300 | _a392ص | ||
| 650 | 1 | 7 | _aالرجال |
| 650 | 1 | 7 | _aالإسلام |
| 650 | 1 | 7 | _aالحقوق الأسرية |
| 942 |
_2ddc _cBK |
||
| 999 |
_c2046 _d2046 |
||